000 013390000a22002890004500
003 EG-GiCUC
005 20250223025804.0
008 090404s1995 ua o f m 000 0 eng d
040 _aEG-GiCUC
_beng
_cEG-GiCUC
041 0 _aEng
049 _aDeposite
097 _aM.Sc
099 _aCai01.09.09.M.Sc.1995.Am.B
100 0 _aAmr Elhagry Mahmoud
245 1 0 _aBacterial leakage beneath cast nickel chromium full veneer crowns using different core materials and luting agents /
_cAmr Elhagry Mahmoud ; Supervised Ashraf Hussein Sherif , Badawy Abouelmahsen Badawy , Magda Salah Eldin Gabr
246 1 5 _aالتسرب البكتيرى تحت التيجان النيكل كروم الكاملة المصبوبة بإستخدام أنواع مختلفة من القلوب والمواد الأسمنتية اللاصقة
260 _aCairo :
_bAmr Elhagry Mahmoud ,
_c1995
300 _a127Leaves :
_bphotographs ;
_c30cm
502 _aThesis(M.Sc.) - Cairo University - Faculty of Oral and Dental Medicine - Department of Prosthodontics
700 0 _aAshraf Hussein Sherif ,
_eSupervisor
700 0 _aBadawy Abouelmahsen Badawy ,
_eSupervisor
700 0 _aMagda Salah Eldin Gabr ,
_eSupervisor
856 _uhttp://172.23.153.220/th.pdf
905 _aFatma
_eCataloger
905 _aNazla
_eRevisor
942 _2ddc
_cTH
999 _c20670
_d20670